[Event "Foment Martinenc op-A 21st"]
[Site "Barcelona"]
[Date "2019.06.08"]
[Round "7"]
[White "Villa Labrada, Sergi"]
[Black "Marabajan Navas, Saul"]
[Result "1-0"]
[WhiteElo "1829"]
[BlackElo "1728"]
[PlyCount "71"]
[EventDate "2019.04.27"]
[EventType "swiss"]
[EventRounds "9"]
[EventCountry "ESP"]
[SourceTitle "EXT 2020"]
[Source "ChessBase"]
[SourceDate "2019.10.17"]
[SourceVersion "1"]
[SourceVersionDate "2019.10.17"]
[SourceQuality "1"]

1. e4 c5 2. Nc3 a6 3. g3 g6 4. Bg2 Bg7 5. f4 Nc6 6. Nf3 b5 7. d3 Bb7 8. 0-0 Nd4 9. Ne2 d6 10. c3 Nxe2+ 11. Qxe2 e5 12. fxe5 dxe5 13. Be3 Qd6 14. Qf2 Rc8 15. Nxe5 f6 16. d4 Qe7 17. Nd3 cxd4 18. Bxd4 Nh6 19. Bh3 Rd8 20. Nc5 Bc8 21. Bxc8 Rxc8 22. Nxa6 0-0 23. Bc5 Qxe4 24. Bxf8 Rxf8 25. Nc5 Qc6 26. b4 f5 27. Qf3 Qc8 28. a4 bxa4 29. Rxa4 Re8 30. Rfa1 Bf8 31. Qd5+ Nf7 32. Ra8 Rd8 33. Qxd8 Qxd8 34. Rxd8 Nxd8 35. Ra8 Nc6 36. Ne6 1-0

[Event "Catalunya-chT"]
[Site "Barcelona"]
[Date "2002.??.??"]
[Round "7"]
[White "Melchor Munoz, Alejandro"]
[Black "Villa Labrada, Sergi"]
[Result "1-0"]
[WhiteElo "2040"]
[BlackElo "1965"]
[PlyCount "63"]
[EventDate "2002.??.??"]
[EventType "team"]
[EventRounds "9"]
[EventCountry "ESP"]
[SourceTitle "EXT 2008"]
[Source "ChessBase"]
[SourceDate "2007.11.25"]
[SourceVersion "1"]
[SourceVersionDate "2007.11.25"]
[SourceQuality "1"]

1. e4 e6 2. d4 c5 3. Nf3 cxd4 4. Nxd4 a6 5. Bd3 Nc6 6. Be3 Nf6 7. 0-0 e5 8. Nb3 d5 9. exd5 Nxd5 10. Re1 Bd6 11. Bc5 Bxc5 12. Nxc5 0-0 13. Be4 Nde7 14. Nc3 b6 15. Nd3 f6 16. Qh5 g6 17. Qh4 Bf5 18. Bxc6 Rc8 19. Bb7 g5 20. Qb4 Rc7 21. Bxa6 Ng6 22. Qxb6 Nh4 23. Qb3+ Kh8 24. Bc4 Qd4 25. Bd5 Qg4 26. h3 Qh5 27. Qb6 Rg7 28. Qd6 Re8 29. Qxf6 g4 30. hxg4 Qxg4 31. Nxe5 Rxe5 32. Rxe5 1-0

[Event "Catalunya-chB"]
[Site "Spain"]
[Date "1996.11.10"]
[Round "6"]
[White "Villa Labrada, Sergi"]
[Black "Morcillo Ferran, Jordi"]
[Result "0-1"]
[WhiteElo "1885"]
[BlackElo "1965"]
[PlyCount "40"]
[EventDate "1997.??.??"]
[EventType "swiss"]
[EventRounds "8"]
[EventCountry "ESP"]
[SourceTitle "EXT 2003"]
[Source "ChessBase"]
[SourceDate "2002.11.25"]
[SourceVersion "1"]
[SourceVersionDate "2002.11.25"]
[SourceQuality "1"]

1. e4 e6 2. f4 d5 3. e5 Nc6 4. Nf3 Nge7 5. c4 Nf5 6. cxd5 exd5 7. d4 Bb4+ 8. Nc3 0-0 9. g4 Nfxd4 10. Nxd4 Qh4+ 11. Ke2 Bxc3 12. Nf3 Bxg4 13. Kd3 Bxf3 14. Qxf3 Bxe5 15. Bd2 Bxb2 16. Rb1 Qf6 17. Rxb2 Qxb2 18. Bc3 Qb1+ 19. Kd2 Qxa2+ 20. Kd1 Qa3 0-1

[Event "Catalunya-chB"]
[Site "Spain"]
[Date "1996.10.27"]
[Round "4"]
[White "Villa Labrada, Sergi"]
[Black "Conesa Rodriguez, Joaquin"]
[Result "1/2-1/2"]
[WhiteElo "1885"]
[BlackElo "1965"]
[PlyCount "88"]
[EventDate "1997.??.??"]
[EventType "swiss"]
[EventRounds "8"]
[EventCountry "ESP"]
[SourceTitle "EXT 2003"]
[Source "ChessBase"]
[SourceDate "2002.11.25"]
[SourceVersion "1"]
[SourceVersionDate "2002.11.25"]
[SourceQuality "1"]

1. e4 Nc6 2. Nc3 e6 3. g3 d5 4. exd5 exd5 5. d4 Be7 6. Nge2 Bf5 7. Bg2 Nb4 8. 0-0 Nxc2 9. Bf4 c6 10. Rc1 Nb4 11. Qa4 Nf6 12. Bg5 Qb6 13. Bxf6 Bxf6 14. Nxd5 Nxd5 15. Bxd5 0-0 16. Bg2 Qxb2 17. Rfe1 Rfe8 18. Qc4 Rad8 19. d5 cxd5 20. Bxd5 Bg6 21. Nf4 b5 22. Qc7 Bd4 23. Rf1 Bb6 24. Qc6 Bf5 25. Rcd1 Rc8 26. Bxf7+ Kh8 27. Qf3 Rf8 28. Qh5 Qf6 29. Bb3 Qb2 30. Rd5 Rc1 31. Rdd1 Rxd1 32. Qxd1 g5 33. Nd5 Bh3 34. Bc2 Bxf1 35. Nxb6 Qf6 36. Qxf1 Qxb6 37. Qe2 Qd4 38. g4 Qa1+ 39. Kg2 Qf6 40. Bf5 Qc6+ 41. Kg1 b4 42. Qe7 Qc1+ 43. Kg2 Qc6+ 44. Kg1 Qc1+ 1/2-1/2